Japanese law

This is the updated and substantially enlarged edition of Japanese Law , originally published in 1992, which was acclaimed as the first comprehensive study of Japanese law to be published in English by a Japanese academic.

Đã lưu trong:
書目詳細資料
主要作者: Oda, Hiroshi
格式: 圖書
語言:Undetermined
出版: Oxford Oxford University Press 1999
主題:
Law
標簽: 添加標簽
沒有標簽, 成為第一個標記此記錄!
Thư viện lưu trữ: Trung tâm Học liệu Trường Đại học Cần Thơ
LEADER 00721nam a2200217Ia 4500
001 CTU_118896
008 210402s9999 xx 000 0 und d
020 |c 215 
082 |a 349.52 
082 |b O.22 
100 |a Oda, Hiroshi 
245 0 |a Japanese law 
245 0 |c Hiroshi Oda 
260 |a Oxford 
260 |b Oxford University Press 
260 |c 1999 
520 |a This is the updated and substantially enlarged edition of Japanese Law , originally published in 1992, which was acclaimed as the first comprehensive study of Japanese law to be published in English by a Japanese academic. 
650 |a Law 
650 |z Japan 
904 |i Truc 
980 |a Trung tâm Học liệu Trường Đại học Cần Thơ